SEARCA - WID (Women in development) small research grants program for rural women

Na minha lista:
Detalhes bibliográficos
Autor principal: Toquero, Zennaida F.
Formato: Livro
Idioma:Undetermined
Publicado em: Laguna SEAMEO SEARCA 2001
Assuntos:
Tags: Adicionar Tag
Sem tags, seja o primeiro a adicionar uma tag!
Thư viện lưu trữ: Trung tâm Học liệu Trường Đại học Cần Thơ
LEADER 00580nam a2200181Ia 4500
001 CTU_126094
008 210402s9999 xx 000 0 und d
082 |a 338.47664 
082 |b T627 
100 |a Toquero, Zennaida F. 
245 0 |a SEARCA - WID (Women in development) small research grants program for rural women 
245 0 |c Zennaida F. Toquero 
260 |a Laguna 
260 |b SEAMEO SEARCA 
260 |c 2001 
650 |a Food industry and trade,Food processing by products industry 
904 |i Nguyên 
980 |a Trung tâm Học liệu Trường Đại học Cần Thơ